000 03396cam a22011774i 4500
003 PE-LiUPU
005 20250813185348.0
008 150617s r 000 0 d
035 _a(Sirsi) a19099
040 _aPE-LiUPU
_bspa
_cPE-LiUPU
_erda
049 _aPRUA
082 0 4 _a304
_bC66
_221
100 1 _aCoccaro, Federico,
_eautor.
245 1 0 _aReportajes y opiniones del mundo /
_cFederico Coccaro.
264 1 _aMaracay :
_bBoscán,
_c1986.
300 _a170 páginas ;
_c21 cm
336 _atext
_2rdacontent
337 _aunmediated
_2rdamedia
338 _avolume
_2rdacarrier
505 0 _aEl terruño que me vió nacer -- La importancia del estado de Aragua -- Los fértiles valles de Aragua -- Las maravillas de nuestro país -- El oriente de nuestro país -- Quinta de Bolivar, Bogota, Colombia -- El Cuzco y Machu-Pichu recorrido en tren en ambos lugares -- La granja Azul y sus encantos -- Puno y sus dos atracciones -- Gira por Arequipa, Perú -- Guía por el Ecuador y encuentro con Carmita Agurto de Rivas -- Guayaquil, una ciudad tranquila frente al mar -- Un viaje por Italia -- El otoño visto desde el tren en viaje de París a Limoges -- Un día en el centro de arte y cultura "Georges Pompidou" -- Misa cantada en la catedral de "Notre Dame de París -- Cuando la s ideas coinciden -- El deber de quienes escriban para el pueblo -- La miseria humana -- Es conveniente mandar.
526 _aP202
526 _aP201
526 _aP163
526 _aP162
526 _aP161
526 _aP160
526 _aP148
526 _aP147
526 _aP146
526 _aP145
526 _aP144
526 _aP143
526 _aP142
526 _aP141
526 _aP140
526 _aP139
526 _aP138
526 _aP137
526 _aP136
526 _aP135
526 _aP134
526 _aP133
526 _aP129
526 _aP128
526 _aP127
526 _aP120
526 _aP119
526 _aP118
526 _aP116
526 _aP115
526 _aP114
526 _aP110
526 _aP109
526 _aP108
526 _aP104
526 _aP103
526 _aP102
526 _aP99
526 _aP98
526 _aP97
526 _aP96
526 _aP95
526 _aP93
526 _aP90
526 _aP89
526 _aP88
526 _aP83
526 _aP82
526 _aP62
526 _aP59
526 _aP58
526 _aP57
526 _aP51
526 _aP49
526 _aP48
526 _aP47
526 _aP29
526 _aP24
526 _aP20
526 _aP19
526 _aP17
526 _aP15
526 _aP14
526 _aP12
526 _aP10
526 _aP09
526 _aP08
526 _aP07
526 _aP06
526 _aP05
526 _aP04
526 _aP01
650 0 4 _aVida y costumbres sociales.
910 _ajck
_bjvq
_cjck
_d20150616
942 _2ddc
_cBOOK
949 _a304 C66
_wDEWEY
_c1
_i27999
_lCCODEBUL1
_mBUL
_p00.00
_r0
_sY
_tBOOK
_u2015-04-22
_xEDUCACION
_zUNKNOWN
_0COMPRA
_o.STAFF. Colección General
994 _aC0
_bPEPRU
596 _a1
999 _a304 C66
_wDEWEY
_c18863
_i27999
_f2021-11-4
_g5
_lCCODEBUL1
_mBUL
_r0
_sY
_tBOOK
_u2015-4-22
_xBIBLIOTECA
_zUNKNOWN
_0COMPRA
_o.STAFF. Colección General
_d18863
980 _81
_gALBERTO SANCHEZ Responsable de Automatización